Accounting for governmental and nonprofit entities /

Financial Reporting for Governmental and Not-for-Profit Entities. Principles of Accounting and Financial Reporting for State and Local Governments. Capital Projects Funds. General Fixed Assets Account Group. Debt Service Funds. General Long....

Guardat en:
Dades bibliogràfiques
Autor principal: Hay, Leon E., Ph.D. CPA.
Altres autors: Wilson, Earl R., Ph.D., CPA.
Format: Llibre
Idioma:English
Publicat: USA : Irwin, 1991.
Matèries:
Etiquetes: Afegir etiqueta
Sense etiquetes, Sigues el primer a etiquetar aquest registre!
Thư viện lưu trữ: Mạng thư viện Đại học Đà Nẵng
LEADER 01143cam a2200361 i 4500
001 000042818
003 693
005 20041027144810.0
008 010217b1991 vm 000 eng
020 |a 0256083134 
040 |a IRC  |c IRC  |d IRC 
041 0 |a eng 
082 1 4 |a 657.95  |b HA-L 
100 1 |a Hay, Leon E.,  |c Ph.D. CPA. 
245 1 0 |a Accounting for governmental and nonprofit entities /  |c Leon E. Hay, Earl R. Wilson. 
260 |a USA :  |b Irwin,  |c 1991. 
300 |a 867 p. ;  |c 24 cm. 
520 3 |a Financial Reporting for Governmental and Not-for-Profit Entities. Principles of Accounting and Financial Reporting for State and Local Governments. Capital Projects Funds. General Fixed Assets Account Group. Debt Service Funds. General Long.... 
630 0 4 |a Accounting. 
630 0 4 |a Finance. 
650 0 4 |a Accounting. 
650 0 4 |a Finance. 
700 1 |a Wilson, Earl R.,  |c Ph.D., CPA. 
OWN |a DUT 
999 |a From the UDN01 
TYP |a Monograph 
TYP |a Printed language 
980 |a Mạng thư viện Đại học Đà Nẵng